| 000 | 01197nam a2200349 i 4500 | ||
|---|---|---|---|
| 999 |
_c28676 _d28647 |
||
| 001 | 2252357 | ||
| 003 | EG-ScBUE | ||
| 005 | 20200907114935.0 | ||
| 008 | 770421s1976 enk f b 001 0 eng d | ||
| 020 | _a0043520618 | ||
| 040 |
_aDLC _beng _erda _cDLC _dDLC _dEG-ScBUE |
||
| 043 | _ae-uk--- | ||
| 082 | 0 | 4 |
_a309.2620941 _bCUL _222 |
| 100 | 1 |
_aCullingworth, J. B., _eauthor. |
|
| 245 | 1 | 0 |
_aTown and country planning in Britain / _cby J. B. Cullingworth. |
| 250 | _aSixth edition. | ||
| 250 | _aRevised edition. | ||
| 264 | 1 |
_aLondon : _bGeorge Allen & Unwin Ltd, _c1976. |
|
| 300 |
_a287 pages ; _c23 cm. |
||
| 336 |
_2rdacontent _atext _btxt |
||
| 337 |
_2rdamedia _aunmediated _bn |
||
| 338 |
_2rdacarrier _avolume _bnc |
||
| 490 | 0 |
_aThe New local government series ; _vno. 8 |
|
| 500 | _aFirst-3d ed. published under title: Town and country planning in England and Wales. | ||
| 504 | _aIncludes bibliographical references and index. | ||
| 650 | 7 |
_aCity planning _zGreat Britain. _2BUEsh |
|
| 650 | 7 |
_aRegional planning _zGreat Britain. _2BUEsh |
|
| 653 |
_bGGEN _cAugust2020 |
||
| 655 |
_vReading book _934232 |
||
| 906 |
_a7 _bcbc _corignew _d3 _encip _f19 _gy-gencatlg |
||
| 942 |
_2ddc _cBB |
||